000 00487nam a2200193Ia 4500
005 20140405103555.0
008 140130s9999 xx 000 0 und d
020 _a0590638920
050 _aQK 661
_b.G53 1999
100 _aGibbons, Gail
_923032
245 _cGail Gibbons.
_aFrom Seed to plant /
260 _bScholastic,
_c1999.
_aUSA :
300 _a32 p. :
_bcol. ill. ;
_c22 cm.
440 _v1
_931095
521 _aG4
526 _c660
942 _cBK
_2lcc
999 _c40894
_d40894